Normal view MARC view
  • Ahmad,Mian Abid

Entry Personal Name

Number of records used in: 3

001 - CONTROL NUMBER

  • control field: 7520

003 - CONTROL NUMBER IDENTIFIER

  • control field: NUST

005 - DATE AND TIME OF LATEST TRANSACTION

  • control field: 20171222141343.0

008 - FIXED-LENGTH DATA ELEMENTS

  • fixed length control field: 171222|| aca||aabn | a|a d

040 ## - CATALOGING SOURCE

  • Original cataloging agency: NUST
  • Transcribing agency: NUST

100 ## - HEADING--PERSONAL NAME

  • Personal name: Ahmad,Mian Abid

670 ## - SOURCE DATA FOUND

  • Source citation: Work cat.: (NUST)0: Ahmad,Mian Abid, The Glory of Muhammad (P.B.U.H), 1993.
© 2023 Central Library, National University of Sciences and Technology. All Rights Reserved.